[Event "Montreal Mercredi 02"]
[Site "Montreal CAN"]
[Date "2008.03.12"]
[Round "4"]
[White "Bolduc, Rene"]
[Black "Dardoura, Khaled"]
[Result "1-0"]
[WhiteElo "1444"]
[BlackElo "1401"]
[PlyCount "104"]
[GameId "2160767910413428"]
[EventDate "2008.02.20"]
[EventType "tourn"]
[EventRounds "5"]
[EventCountry "CAN"]
[SourceTitle "EXT 2011"]
[Source "ChessBase"]
[SourceDate "2011.11.26"]
[SourceVersion "1"]
[SourceVersionDate "2011.11.26"]
[SourceQuality "1"]

1. e4 e6 2. d4 d5 3. Nc3 Nf6 4. Bg5 Be7 5. e5 Nfd7 6. Bxe7 Qxe7 7. Nf3 c5 8. Nb5 Qd8 9. Nd6+ Kf8 10. Ng5 Qxg5 11. Qf3 f5 12. Nxc8 Nc6 13. Nd6 Nxd4 14. Qc3 b6 15. g3 Nxe5 16. f4 Nef3+ 17. Kf2 Qe7 18. Be2 Qxd6 19. Bxf3 Nxf3 20. Qxf3 Kf7 21. Rhe1 Rae8 22. Re5 Re7 23. Qh5+ g6 24. Qh6 Qd8 25. Rae1 Qf8 26. Qg5 h6 27. Qh4 g5 28. Qh5+ Kf6 29. Qe2 Qe8 30. Kg1 g4 31. Qd3 Qa4 32. c3 Qc4 33. Qxc4 dxc4 34. Rd1 Rhh7 35. Rd6 h5 36. a4 Rh8 37. a5 Rb8 38. a6 b5 39. Rxc5 Rb6 40. Rxb6 axb6 41. Rxb5 Ra7 42. Rxb6 Rd7 43. Rb7 Rd1+ 44. Kg2 Ra1 45. a7 Ra2 46. Kf2 e5 47. fxe5+ Kxe5 48. Ke3 Ra1 49. Re7+ Kd6 50. Rh7 Ke5 51. Kd2 Ke4 52. Kc2 f4 1-0

[Event "Montreal Mercredi 02"]
[Site "Montreal CAN"]
[Date "2008.03.12"]
[Round "4"]
[White "Chenard, Yanick"]
[Black "Zhang, Zhiyuan"]
[Result "1/2-1/2"]
[WhiteElo "1450"]
[BlackElo "1479"]
[PlyCount "68"]
[GameId "2160767910413429"]
[EventDate "2008.02.20"]
[EventType "tourn"]
[EventRounds "5"]
[EventCountry "CAN"]
[SourceTitle "EXT 2011"]
[Source "ChessBase"]
[SourceDate "2011.11.26"]
[SourceVersion "1"]
[SourceVersionDate "2011.11.26"]
[SourceQuality "1"]

1. d4 d5 2. c4 e6 3. Nc3 Nf6 4. Bg5 Be7 5. e3 b6 6. Rc1 Ba6 7. Qa4+ c6 8. Nf3 O-O 9. Bf4 Bb7 10. cxd5 cxd5 11. Bd3 Nbd7 12. Nb5 a6 13. Nc7 b5 14. Qb3 Rc8 15. O-O Nh5 16. Qc2 Nxf4 17. exf4 Bd6 18. Bxh7+ Kh8 19. Ng5 Rxc7 20. Qe2 Rxc1 21. Qh5 Rxf1+ 22. Kxf1 Nf6 23. Qh4 g6 24. Bxg6+ Kg7 25. Qg3 Bxf4 26. Qxf4 fxg6 27. Nxe6+ Kf7 28. Nxd8+ Rxd8 29. g4 Ke7 30. Qe5+ Kf7 31. g5 Ne8 32. h4 Rd6 33. Qf4+ Kg7 34. Qe5+ Kf7 1/2-1/2

[Event "Montreal Mercredi 02"]
[Site "Montreal CAN"]
[Date "2008.03.12"]
[Round "4"]
[White "Gauthier, Luc"]
[Black "Savard, Alain"]
[Result "0-1"]
[WhiteElo "1804"]
[BlackElo "1688"]
[PlyCount "90"]
[GameId "2160767910413430"]
[EventDate "2008.02.20"]
[EventType "tourn"]
[EventRounds "5"]
[EventCountry "CAN"]
[SourceTitle "EXT 2011"]
[Source "ChessBase"]
[SourceDate "2011.11.26"]
[SourceVersion "1"]
[SourceVersionDate "2011.11.26"]
[SourceQuality "1"]

1. e4 e6 2. Nf3 d5 3. e5 c5 4. b4 cxb4 5. d4 Bd7 6. a3 Qb6 7. axb4 Bb5 8. Bxb5+ Qxb5 9. c3 Nd7 10. Na3 Qc6 11. Qd3 a6 12. Bb2 Ne7 13. O-O b5 14. Nc2 Nb6 15. Ne3 Nc4 16. Nxc4 dxc4 17. Qe2 Nd5 18. g3 Be7 19. Nd2 h5 20. Ne4 O-O-O 21. Ra5 Kb7 22. Rfa1 Ra8 23. h4 f5 24. exf6 gxf6 25. Nc5+ Bxc5 26. bxc5 Nf4 27. Qf1 Qf3 28. Bc1 Ne2+ 29. Kh2 Rhg8 30. Qg2 Qxg2+ 31. Kxg2 Nxc3 32. c6+ Kb6 33. R5a3 Nd5 34. Bd2 Rgc8 35. Ba5+ Kxc6 36. Bd2 Kb7 37. Re1 Rc6 38. Rb1 Rac8 39. Bc3 Rd8 40. Ba5 Rcd6 41. Bxd8 Rxd8 42. Re1 Rd6 43. Rc1 Rb6 44. Ra2 c3 45. Kf3 b4 0-1

[Event "Montreal Mercredi 02"]
[Site "Montreal CAN"]
[Date "2008.03.12"]
[Round "4"]
[White "Giroux, Robert"]
[Black "Beladel, Brahim"]
[Result "1-0"]
[WhiteElo "1949"]
[BlackElo "1691"]
[PlyCount "99"]
[GameId "2160767910413431"]
[EventDate "2008.02.20"]
[EventType "tourn"]
[EventRounds "5"]
[EventCountry "CAN"]
[SourceTitle "EXT 2011"]
[Source "ChessBase"]
[SourceDate "2011.11.26"]
[SourceVersion "1"]
[SourceVersionDate "2011.11.26"]
[SourceQuality "1"]

1. e4 e5 2. Nf3 Nc6 3. d4 exd4 4. Bc4 Be7 5. c3 d6 6. cxd4 Nf6 7. Bd3 Bg4 8. Be3 O-O 9. Nc3 Rc8 10. a3 Bh5 11. h3 Bg6 12. O-O h6 13. Re1 a6 14. e5 dxe5 15. Bxg6 fxg6 16. Qb3+ Kh7 17. dxe5 Nd7 18. Rad1 Qe8 19. Qxb7 Ndxe5 20. Nxe5 Nxe5 21. Qe4 Bd6 22. Rd5 Nc6 23. Qxe8 Rcxe8 24. Red1 Re6 25. Bc5 Rf5 26. Bxd6 Rxd5 27. Rxd5 Rxd6 28. Rxd6 cxd6 29. Ne4 d5 30. Nc5 a5 31. Kf1 Kg8 32. Ke2 Kf7 33. Kd3 Ke7 34. Kc3 Kd6 35. b4 axb4+ 36. axb4 g5 37. Nb7+ Kc7 38. Na5 Na7 39. Kd4 Kd6 40. Nb7+ Kc7 41. Nc5 Kd6 42. Kd3 Nb5 43. Nb3 Ke5 44. g3 h5 45. Nc5 Kf5 46. Nb3 Ke5 47. Nc5 h4 48. Ke3 d4+ 49. Kf3 hxg3 50. fxg3 1-0

[Event "Montreal Mercredi 02"]
[Site "Montreal CAN"]
[Date "2008.03.12"]
[Round "4"]
[White "Guindon, Alex"]
[Black "Tong, Tan Guang"]
[Result "1/2-1/2"]
[WhiteElo "1414"]
[BlackElo "1410"]
[PlyCount "107"]
[GameId "2160767910413432"]
[EventDate "2008.02.20"]
[EventType "tourn"]
[EventRounds "5"]
[EventCountry "CAN"]
[SourceTitle "EXT 2011"]
[Source "ChessBase"]
[SourceDate "2011.11.26"]
[SourceVersion "1"]
[SourceVersionDate "2011.11.26"]
[SourceQuality "1"]

1. d4 Nf6 2. Bf4 d5 3. Nf3 Bf5 4. e3 e6 5. Bd3 Bxd3 6. cxd3 Be7 7. O-O O-O 8. Nbd2 c5 9. Rc1 Nbd7 10. h3 cxd4 11. Bc7 Qe8 12. Nxd4 Nc5 13. N2f3 Rc8 14. Bg3 h6 15. Ne5 Nfd7 16. Qd2 Nxe5 17. Bxe5 f6 18. Bg3 Qg6 19. Rc3 e5 20. b4 exd4 21. exd4 Nd7 22. a3 Nb6 23. Rfc1 Qf5 24. Rc7 Bd8 25. Rxb7 Rxc1+ 26. Qxc1 Qxd3 27. Qc5 Qxa3 28. Bc7 Rf7 29. Rb8 Rf8 30. Rxd8 Rxd8 31. Bxd8 Qa1+ 32. Kh2 Qa2 33. Bxb6 axb6 34. Qxb6 Qxf2 35. Qe6+ Kh7 36. Qxd5 Qf4+ 37. Kg1 Qc1+ 38. Kf2 Qd2+ 39. Kg3 Qxb4 40. Qf5+ Kg8 41. Qc8+ Kh7 42. Qg4 Qd6+ 43. Kf3 Kg8 44. Qc8+ Kh7 45. Qf5+ Kg8 46. d5 Kf7 47. Qd3 Kg8 48. h4 Kh8 49. Qf5 Qa3+ 50. Kg4 Qa4+ 51. Qf4 Qd1+ 52. Qf3 Qd4+ 53. Kf5 Qe5+ 54. Kg4 1/2-1/2

[Event "Montreal Mercredi 02"]
[Site "Montreal CAN"]
[Date "2008.03.12"]
[Round "4"]
[White "Lemieux, Serge"]
[Black "Sonn, Eric"]
[Result "1-0"]
[WhiteElo "1644"]
[BlackElo "1652"]
[PlyCount "115"]
[GameId "2160767910413434"]
[EventDate "2008.02.20"]
[EventType "tourn"]
[EventRounds "5"]
[EventCountry "CAN"]
[SourceTitle "EXT 2011"]
[Source "ChessBase"]
[SourceDate "2011.11.26"]
[SourceVersion "1"]
[SourceVersionDate "2011.11.26"]
[SourceQuality "1"]

1. d4 Nf6 2. c4 g6 3. Nc3 d5 4. cxd5 Nxd5 5. e4 Nxc3 6. bxc3 Bg7 7. Bc4 c5 8. Be3 Nc6 9. Ne2 O-O 10. Rb1 cxd4 11. cxd4 b6 12. O-O Bb7 13. f3 Na5 14. Bd3 Nc6 15. Bc2 Rc8 16. Ba4 Na5 17. Bb5 Nc4 18. Bf2 Na3 19. Rb3 Nxb5 20. Rxb5 Ba6 21. Rb4 e6 22. Re1 Bxe2 23. Rxe2 Qc7 24. Rbb2 Qc1 25. Rb1 Qxd1+ 26. Rxd1 Rfd8 27. Be3 Rb8 28. Rb2 a5 29. Rb5 Rdc8 30. Rdb1 Bf8 31. Rxb6 Rxb6 32. Rxb6 a4 33. Rb2 a3 34. Re2 Rb8 35. d5 Rb2 36. Kf2 exd5 37. exd5 Bb4 38. Bd4 Rxe2+ 39. Kxe2 Kf8 40. Kd3 Ke7 41. Kc4 Bd6 42. Bc5 f5 43. f4 h6 44. h4 h5 45. g3 Kd7 46. Bxd6 Kxd6 47. Kd4 Ke7 48. Ke5 Kd7 49. Kf6 Kd6 50. Kxg6 Kxd5 51. Kxh5 Kc4 52. Kg5 Kc3 53. h5 Kb2 54. h6 Kxa2 55. h7 Kb1 56. h8=Q a2 57. Kxf5 a1=Q 58. Qxa1+ 1-0

[Event "Montreal Mercredi 02"]
[Site "Montreal CAN"]
[Date "2008.03.12"]
[Round "4"]
[White "Lescarbeau, Martin"]
[Black "Chesnut, Walter"]
[Result "1-0"]
[WhiteElo "1461"]
[BlackElo "1498"]
[PlyCount "58"]
[GameId "2160767910413435"]
[EventDate "2008.02.20"]
[EventType "tourn"]
[EventRounds "5"]
[EventCountry "CAN"]
[SourceTitle "EXT 2011"]
[Source "ChessBase"]
[SourceDate "2011.11.26"]
[SourceVersion "1"]
[SourceVersionDate "2011.11.26"]
[SourceQuality "1"]

1. d4 d5 2. e4 dxe4 3. Nc3 Nf6 4. f3 Bf5 5. Bc4 Nc6 6. g4 Be6 7. d5 Ne5 8. dxe6 Qxd1+ 9. Nxd1 Nxc4 10. exf7+ Kxf7 11. g5 Nd5 12. fxe4 Nb4 13. Ke2 Rd8 14. c3 Nd3 15. b3 Nxc1+ 16. Rxc1 Ne5 17. Nh3 Ng6 18. Rf1+ Ke8 19. Nf4 Nxf4+ 20. Rxf4 e6 21. e5 h6 22. g6 Be7 23. h4 Rf8 24. Re4 Rf5 25. Ne3 Rh5 26. Rh1 Bg5 27. Nf1 Be7 28. Ng3 Rf5 29. Nxf5 exf5 1-0

[Event "Montreal Mercredi 02"]
[Site "Montreal CAN"]
[Date "2008.03.12"]
[Round "4"]
[White "Millette, Sylvain"]
[Black "Maharisoa, Tantely"]
[Result "1/2-1/2"]
[WhiteElo "1625"]
[BlackElo "1576"]
[PlyCount "74"]
[GameId "2160767910413436"]
[EventDate "2008.02.20"]
[EventType "tourn"]
[EventRounds "5"]
[EventCountry "CAN"]
[SourceTitle "EXT 2011"]
[Source "ChessBase"]
[SourceDate "2011.11.26"]
[SourceVersion "1"]
[SourceVersionDate "2011.11.26"]
[SourceQuality "1"]

1. Nf3 c5 2. g3 Nf6 3. c4 e6 4. Bg2 d5 5. d4 Be7 6. O-O O-O 7. cxd5 exd5 8. dxc5 Bxc5 9. Nbd2 Nc6 10. Nb3 Be7 11. Be3 Ne4 12. a3 f5 13. Nbd4 Bf6 14. Rc1 Qd6 15. Nxc6 bxc6 16. Bf4 Qd7 17. Ne5 Bxe5 18. Bxe5 Bb7 19. b4 a5 20. f3 Qe7 21. fxe4 Qxe5 22. exd5 cxd5 23. Qd3 axb4 24. axb4 Rae8 25. Rc5 Qxe2 26. Bxd5+ Bxd5 27. Rxd5 Qe3+ 28. Qxe3 Rxe3 29. Rb1 Re7 30. b5 g6 31. b6 Rb8 32. Kf2 Reb7 33. Rd6 Kf7 34. Rc6 Ke7 35. h4 Kd7 36. Rf6 Ke7 37. Rc6 Kd7 1/2-1/2

[Event "Montreal Mercredi 02"]
[Site "Montreal CAN"]
[Date "2008.03.12"]
[Round "4"]
[White "Teasdale, Alain"]
[Black "Landry, Martin"]
[Result "0-1"]
[WhiteElo "1555"]
[BlackElo "1557"]
[PlyCount "86"]
[GameId "2160767910413437"]
[EventDate "2008.02.20"]
[EventType "tourn"]
[EventRounds "5"]
[EventCountry "CAN"]
[SourceTitle "EXT 2011"]
[Source "ChessBase"]
[SourceDate "2011.11.26"]
[SourceVersion "1"]
[SourceVersionDate "2011.11.26"]
[SourceQuality "1"]

1. c4 e5 2. Nc3 c6 3. Nf3 d6 4. d3 f5 5. g3 Nf6 6. Bg2 Be7 7. O-O O-O 8. e4 Na6 9. h3 Bd7 10. Rb1 Qc8 11. Kh2 fxe4 12. dxe4 Nc5 13. Ng1 a5 14. f4 Qc7 15. f5 Rad8 16. Be3 b6 17. g4 Bc8 18. g5 Nfxe4 19. Nxe4 Bxf5 20. Bxc5 bxc5 21. Ra1 d5 22. cxd5 cxd5 23. Ng3 e4 24. N1e2 Bxg5 25. Kh1 Be6 26. Nh5 g6 27. Nhg3 Qe5 28. Qc2 Be3 29. Rxf8+ Rxf8 30. Nf1 Bf2 31. Nd2 Qh5 32. Ng1 Bxg1 33. Kxg1 Bxh3 34. Nb3 Qg5 35. Nxc5 Qe3+ 36. Kh2 Rf2 37. Qb3 Rxg2+ 38. Kh1 Qxc5 39. Qxh3 Rg5 40. Qe6+ Kg7 41. Rf1 Rh5+ 42. Kg2 Qc2+ 43. Rf2 Rg5+ 0-1

[Event "Montreal Mercredi 02"]
[Site "Montreal CAN"]
[Date "2008.03.13"]
[Round "5"]
[White "Beladel, Brahim"]
[Black "Gauthier, Luc"]
[Result "1/2-1/2"]
[WhiteElo "1691"]
[BlackElo "1804"]
[PlyCount "106"]
[GameId "2160767910413438"]
[EventDate "2008.02.20"]
[EventType "tourn"]
[EventRounds "5"]
[EventCountry "CAN"]
[SourceTitle "EXT 2011"]
[Source "ChessBase"]
[SourceDate "2011.11.26"]
[SourceVersion "1"]
[SourceVersionDate "2011.11.26"]
[SourceQuality "1"]

1. c4 e6 2. Nc3 d5 3. d4 c5 4. cxd5 exd5 5. Nf3 Nc6 6. g3 Nf6 7. Bg2 Be7 8. dxc5 Bxc5 9. Bg5 d4 10. Ne4 Be7 11. Bxf6 Bxf6 12. Nxf6+ Qxf6 13. O-O O-O 14. h4 h6 15. Rc1 Bf5 16. Qb3 Qe7 17. Rfe1 Rfd8 18. Qb5 Be6 19. a3 a6 20. Qd3 Qd7 21. Qe4 Bd5 22. Qf4 Qe6 23. Kh2 Qe4 24. Qxe4 Bxe4 25. Red1 d3 26. exd3 Rxd3 27. Rxd3 Bxd3 28. Ne1 Rd8 29. Bxc6 bxc6 30. Nxd3 Rxd3 31. Rxc6 Rd2 32. b4 Rxf2+ 33. Kg1 Rf3 34. Rxa6 Rxg3+ 35. Kh2 Rb3 36. Ra8+ Kh7 37. Ra5 g6 38. b5 g5 39. hxg5 hxg5 40. a4 f5 41. Ra7+ Kg8 42. Rb7 f4 43. a5 g4 44. a6 Rb2+ 45. Kg1 Rb1+ 46. Kf2 g3+ 47. Kf3 Rf1+ 48. Kg2 Rf2+ 49. Kg1 f3 50. Rb8+ Kg7 51. Rb7+ Kf8 52. Rb8+ Kf7 53. Rb7+ Kf8 1/2-1/2

[Event "Montreal Mercredi 02"]
[Site "Montreal CAN"]
[Date "2008.03.13"]
[Round "5"]
[White "Cyr, Marcel"]
[Black "Bolduc, Rene"]
[Result "1/2-1/2"]
[WhiteElo "1384"]
[BlackElo "1444"]
[PlyCount "61"]
[GameId "2160767910413439"]
[EventDate "2008.02.20"]
[EventType "tourn"]
[EventRounds "5"]
[EventCountry "CAN"]
[SourceTitle "EXT 2011"]
[Source "ChessBase"]
[SourceDate "2011.11.26"]
[SourceVersion "1"]
[SourceVersionDate "2011.11.26"]
[SourceQuality "1"]

1. e4 e5 2. Nf3 Nc6 3. Bc4 Nf6 4. Ng5 d5 5. exd5 Nxd5 6. Nxf7 Qf6 7. Nxh8 Be6 8. Qf3 Qxf3 9. gxf3 Nd4 10. Kd1 g6 11. d3 Be7 12. Nxg6 hxg6 13. c3 Nxf3 14. Kc2 c6 15. Nd2 Nxd2 16. Bxd2 Kf7 17. Be1 b5 18. Bb3 a5 19. a3 c5 20. Rc1 c4 21. dxc4 bxc4 22. Bxc4 Bf5+ 23. Kd1 Ke6 24. f3 Kd6 25. Kd2 Nb6 26. Be2 a4 27. h4 Rc8 28. Rg1 Nc4+ 29. Bxc4 Rxc4 30. Bg3 Ke6 31. h5 1/2-1/2

[Event "Montreal Mercredi 02"]
[Site "Montreal CAN"]
[Date "2008.03.13"]
[Round "5"]
[White "Dardoura, Khaled"]
[Black "Guindon, Alex"]
[Result "1-0"]
[WhiteElo "1401"]
[BlackElo "1414"]
[PlyCount "73"]
[GameId "2160767910413440"]
[EventDate "2008.02.20"]
[EventType "tourn"]
[EventRounds "5"]
[EventCountry "CAN"]
[SourceTitle "EXT 2011"]
[Source "ChessBase"]
[SourceDate "2011.11.26"]
[SourceVersion "1"]
[SourceVersionDate "2011.11.26"]
[SourceQuality "1"]

1. d4 Nf6 2. c4 g6 3. Nc3 Bg7 4. Nf3 O-O 5. e4 d6 6. h3 e5 7. d5 Nbd7 8. Bd3 a5 9. Bc2 Nc5 10. Be3 Ne8 11. Qd2 f5 12. Bh6 f4 13. Bxg7 Kxg7 14. h4 Nf6 15. O-O-O Bd7 16. Ng5 Qe7 17. f3 Nh5 18. Rh2 Ng3 19. Qe1 h6 20. Ne6+ Nxe6 21. dxe6 Bxe6 22. Nd5 Qf7 23. b3 b5 24. cxb5 Rfc8 25. a4 Qd7 26. Kb2 Rcb8 27. Qc3 Ra7 28. Nxf4 Kh7 29. Nd5 Ne2 30. Nf6+ Kg7 31. Nxd7 Nxc3 32. Nxb8 Nxd1+ 33. Bxd1 Ra8 34. Nc6 h5 35. Be2 Bd7 36. Ne7 Kf6 37. Nd5+ 1-0

[Event "Montreal Mercredi 02"]
[Site "Montreal CAN"]
[Date "2008.03.13"]
[Round "5"]
[White "Germain, Max"]
[Black "Chenard, Yanick"]
[Result "1-0"]
[WhiteElo "1509"]
[BlackElo "1450"]
[PlyCount "135"]
[GameId "2160767910413441"]
[EventDate "2008.02.20"]
[EventType "tourn"]
[EventRounds "5"]
[EventCountry "CAN"]
[SourceTitle "EXT 2011"]
[Source "ChessBase"]
[SourceDate "2011.11.26"]
[SourceVersion "1"]
[SourceVersionDate "2011.11.26"]
[SourceQuality "1"]

1. d4 d6 2. Nf3 Bg4 3. c4 e6 4. Nc3 Bxf3 5. gxf3 Nf6 6. e4 c6 7. Bd3 Qb6 8. Bc2 Nbd7 9. a3 a5 10. Na4 Qc7 11. Be3 g6 12. Qd3 Bg7 13. h3 Nh5 14. Nc3 e5 15. d5 Nf4 16. Bxf4 exf4 17. O-O-O O-O 18. dxc6 Ne5 19. Qd5 Qxc6 20. Qxc6 bxc6 21. Rxd6 Rfd8 22. Rhd1 Rxd6 23. Rxd6 Bf8 24. Rf6 Rd8 25. Ba4 Be7 26. Rxc6 Nxc6 27. Bxc6 Bc5 28. Bd5 Bxf2 29. Kc2 Bc5 30. Na4 Bd6 31. c5 Rc8 32. c6 Rb8 33. Kc3 Kg7 34. Kd4 f6 35. Kc4 Kh6 36. Be6 Kg5 37. Kd5 Bc7 38. Kc5 Kh4 39. b4 axb4 40. axb4 Kg3 41. b5 Kxf3 42. b6 Rxb6 43. Nxb6 Kg2 44. Nd5 Be5 45. Nxf6 h5 46. Kb6 f3 47. c7 Bxc7+ 48. Kxc7 f2 49. Bc4 Kxh3 50. e5 g5 51. e6 g4 52. Nxg4 hxg4 53. e7 g3 54. e8=Q Kh2 55. Qh5+ Kg1 56. Qf3 g2 57. Qg3 f1=Q 58. Bxf1 Kxf1 59. Qf3+ Kg1 60. Kd6 Kh2 61. Qf2 Kh1 62. Qh4+ Kg1 63. Ke5 Kf1 64. Qf4+ Kg1 65. Ke4 Kh1 66. Qh4+ Kg1 67. Kf3 Kf1 68. Qf2# 1-0

[Event "Montreal Mercredi 02"]
[Site "Montreal CAN"]
[Date "2008.03.13"]
[Round "5"]
[White "Landry, Martin"]
[Black "Millette, Sylvain"]
[Result "1/2-1/2"]
[WhiteElo "1557"]
[BlackElo "1625"]
[PlyCount "62"]
[GameId "2160767910413442"]
[EventDate "2008.02.20"]
[EventType "tourn"]
[EventRounds "5"]
[EventCountry "CAN"]
[SourceTitle "EXT 2011"]
[Source "ChessBase"]
[SourceDate "2011.11.26"]
[SourceVersion "1"]
[SourceVersionDate "2011.11.26"]
[SourceQuality "1"]

1. d4 Nf6 2. c4 g6 3. Nc3 d5 4. Nf3 Bg7 5. cxd5 Nxd5 6. Qb3 Nxc3 7. bxc3 c6 8. e4 Qb6 9. Bc4 O-O 10. O-O Qxb3 11. axb3 Nd7 12. Ba3 h6 13. Nd2 Re8 14. f4 c5 15. Nf3 cxd4 16. cxd4 Nb6 17. Rac1 Bg4 18. Ne5 Nxc4 19. bxc4 Bxe5 20. fxe5 Rac8 21. Rfe1 b6 22. h3 Bd7 23. d5 e6 24. Bd6 a5 25. Re3 Bb5 26. Rec3 Ba6 27. c5 bxc5 28. Rxc5 Rxc5 29. Rxc5 Bd3 30. dxe6 fxe6 31. Rxa5 Bxe4 1/2-1/2

[Event "Montreal Mercredi 02"]
[Site "Montreal CAN"]
[Date "2008.03.13"]
[Round "5"]
[White "Savard, Alain"]
[Black "Lemieux, Serge"]
[Result "1-0"]
[WhiteElo "1688"]
[BlackElo "1644"]
[PlyCount "45"]
[GameId "2160767910413443"]
[EventDate "2008.02.20"]
[EventType "tourn"]
[EventRounds "5"]
[EventCountry "CAN"]
[SourceTitle "EXT 2011"]
[Source "ChessBase"]
[SourceDate "2011.11.26"]
[SourceVersion "1"]
[SourceVersionDate "2011.11.26"]
[SourceQuality "1"]

1. f4 Nf6 2. Nf3 d6 3. b3 g6 4. Bb2 Bg7 5. g3 c6 6. Bg2 Nbd7 7. O-O O-O 8. d4 d5 9. Nc3 Ng4 10. Qd3 Ndf6 11. Nh4 Nh6 12. Rfe1 Nf5 13. Nxf5 Bxf5 14. e4 dxe4 15. Nxe4 e6 16. c3 Rb8 17. Nxf6+ Bxf6 18. Qe2 g5 19. fxg5 Bxg5 20. h4 Bxh4 21. gxh4 Qxh4 22. Qf2 Qe7 23. Qxf5 1-0

[Event "Montreal Mercredi 02"]
[Site "Montreal CAN"]
[Date "2008.03.13"]
[Round "5"]
[White "Sonn, Eric"]
[Black "Giroux, Robert"]
[Result "0-1"]
[WhiteElo "1652"]
[BlackElo "1949"]
[PlyCount "112"]
[GameId "2160767910413444"]
[EventDate "2008.02.20"]
[EventType "tourn"]
[EventRounds "5"]
[EventCountry "CAN"]
[SourceTitle "EXT 2011"]
[Source "ChessBase"]
[SourceDate "2011.11.26"]
[SourceVersion "1"]
[SourceVersionDate "2011.11.26"]
[SourceQuality "1"]

1. e4 c5 2. Nf3 g6 3. d4 cxd4 4. Nxd4 Nc6 5. Be3 Nf6 6. Nc3 Bg7 7. Be2 d6 8. O-O O-O 9. Nxc6 bxc6 10. f4 Qa5 11. a3 Nd7 12. b4 Qc7 13. Qd2 Nb6 14. Rad1 Bb7 15. Nb1 d5 16. exd5 Nxd5 17. Bd4 Bxd4+ 18. Qxd4 Qb6 19. Qxb6 axb6 20. Rf3 Nf6 21. Re3 Nd5 22. Rf3 c5 23. c4 Nf6 24. bxc5 bxc5 25. Rb3 Bc6 26. Nc3 Ba4 27. Nxa4 Rxa4 28. Ra1 Rd8 29. Kf2 Ne4+ 30. Ke1 Nd6 31. Rd1 Kg7 32. Rd2 Rda8 33. Rd5 Rc8 34. Rc3 Rc7 35. Bd3 h5 36. Kd2 Rd7 37. Kc2 Ra5 38. Rb3 Rc7 39. Kb2 Rc6 40. Re5 e6 41. Re1 Rca6 42. Ra1 Ra4 43. Rc1 Kf6 44. Rcc3 e5 45. fxe5+ Kxe5 46. Rc1 Kd4 47. Rbc3 Rb6+ 48. Ka2 Rba6 49. R1c2 f5 50. Rc1 Ne4 51. Bxe4 fxe4 52. R1c2 e3 53. Rc1 e2 54. R3c2 Rxa3+ 55. Kb2 Ra2+ 56. Kb3 R6a3# 0-1

[Event "Montreal Mercredi 02"]
[Site "Montreal CAN"]
[Date "2008.03.13"]
[Round "5"]
[White "Tong, Tan Guang"]
[Black "Berthiaume, Yves"]
[Result "1/2-1/2"]
[WhiteElo "1410"]
[BlackElo "1337"]
[PlyCount "93"]
[GameId "2160767910413445"]
[EventDate "2008.02.20"]
[EventType "tourn"]
[EventRounds "5"]
[EventCountry "CAN"]
[SourceTitle "EXT 2011"]
[Source "ChessBase"]
[SourceDate "2011.11.26"]
[SourceVersion "1"]
[SourceVersionDate "2011.11.26"]
[SourceQuality "1"]

1. e4 e6 2. d4 d5 3. exd5 exd5 4. Nf3 Nf6 5. Be2 Bd6 6. O-O Bf5 7. Nc3 c6 8. Bg5 Nbd7 9. Re1 O-O 10. Bd3 Bg4 11. h3 Bh5 12. a3 Qc7 13. Be2 Rfe8 14. Nh4 Bxe2 15. Rxe2 Rxe2 16. Nxe2 Ne4 17. Be3 g6 18. Qd3 Re8 19. Nf3 Qb8 20. Nc3 Bf4 21. Re1 Bd6 22. Nd2 Ndf6 23. Ncxe4 Nxe4 24. Nxe4 Rxe4 25. Bd2 Rxe1+ 26. Bxe1 Qe8 27. Qe3 Qxe3 28. fxe3 f5 29. Kf2 Kf7 30. a4 Ke6 31. Ke2 f4 32. exf4 Bxf4 33. g4 h5 34. b3 Kf6 35. Bh4+ Bg5 36. Bg3 Bc1 37. Bh4+ g5 38. Bg3 hxg4 39. hxg4 Ke6 40. Kd3 Ba3 41. c4 c5 42. Bb8 a6 43. Bc7 Bb4 44. Bg3 Ba3 45. Bc7 Kd7 46. Be5 Ke6 47. Bc7 1/2-1/2

[Event "Montreal Mercredi 02"]
[Site "Montreal CAN"]
[Date "2008.03.13"]
[Round "5"]
[White "Turcotte, Jonathan"]
[Black "Teasdale, Alain"]
[Result "0-1"]
[WhiteElo "1590"]
[BlackElo "1555"]
[PlyCount "50"]
[GameId "2160767910413446"]
[EventDate "2008.02.20"]
[EventType "tourn"]
[EventRounds "5"]
[EventCountry "CAN"]
[SourceTitle "EXT 2011"]
[Source "ChessBase"]
[SourceDate "2011.11.26"]
[SourceVersion "1"]
[SourceVersionDate "2011.11.26"]
[SourceQuality "1"]

1. d4 d5 2. c4 c6 3. Nf3 Nf6 4. Nc3 e6 5. Bg5 dxc4 6. e4 b5 7. e5 h6 8. Bh4 g5 9. Nxg5 hxg5 10. Bxg5 Nbd7 11. exf6 Bb7 12. g3 Qb6 13. Bg2 O-O-O 14. O-O b4 15. Na4 Qb5 16. h4 Ne5 17. b3 c3 18. Re1 Nd7 19. Qc2 c5 20. Bxb7+ Qxb7 21. dxc5 Nxc5 22. Nxc5 Bxc5 23. a3 Rd5 24. axb4 Rxg5 25. bxc5 Rxh4 0-1

[Event "Montreal Mercredi 02"]
[Site "Montreal CAN"]
[Date "2008.03.13"]
[Round "5"]
[White "Zhang, Zhiyuan"]
[Black "Lescarbeau, Martin"]
[Result "1/2-1/2"]
[WhiteElo "1479"]
[BlackElo "1461"]
[PlyCount "99"]
[GameId "2160767910413447"]
[EventDate "2008.02.20"]
[EventType "tourn"]
[EventRounds "5"]
[EventCountry "CAN"]
[SourceTitle "EXT 2011"]
[Source "ChessBase"]
[SourceDate "2011.11.26"]
[SourceVersion "1"]
[SourceVersionDate "2011.11.26"]
[SourceQuality "1"]

1. e4 c5 2. c3 Nf6 3. e5 Nd5 4. d4 cxd4 5. cxd4 e6 6. Nf3 Nc6 7. Nc3 Bb4 8. Bd2 Nb6 9. Ne4 d5 10. exd6 Bxd6 11. Bb5 O-O 12. O-O Ne7 13. Nxd6 Qxd6 14. a3 Ned5 15. Qc2 a6 16. Bd3 f5 17. Ne5 Bd7 18. Nc4 Nxc4 19. Bxc4 Rfc8 20. Qd3 Rxc4 21. Qxc4 Bb5 22. Qb3 Bxf1 23. Rxf1 b5 24. Rc1 Nb6 25. Bb4 Qd5 26. Qd1 h6 27. Rc5 Qe4 28. Re5 Qc6 29. Rc5 Qd7 30. Ba5 Nc4 31. Bc3 Rc8 32. Rxc8+ Qxc8 33. Qf3 Nxb2 34. Bxb2 Qc2 35. h3 Qxb2 36. Qa8+ Kh7 37. Qxa6 Qc1+ 38. Kh2 Qc4 39. Qd6 Qd5 40. Qxd5 exd5 41. Kg3 Kg6 42. Kf4 Kf6 43. Ke3 Ke6 44. Kd3 Kd6 45. Kc3 Kc6 46. f3 g6 47. g4 fxg4 48. fxg4 g5 49. Kb4 Kb6 50. a4 1/2-1/2